Aao pyar kare/ (Record no. 44014)

MARC details
000 -LEADER
fixed length control field 01423njm a22002777a 4500
005 - DATE AND TIME OF LATEST TRANSACTION
control field 20100908141154.0
006 - FIXED-LENGTH DATA ELEMENTS--ADDITIONAL MATERIAL CHARACTERISTICS--GENERAL INFORMATION
fixed length control field a|||||r|||||00| 0
007 - PHYSICAL DESCRIPTION FIXED FIELD--GENERAL INFORMATION
fixed length control field sd ammalaaahaa
008 - FIXED-LENGTH DATA ELEMENTS--GENERAL INFORMATION
fixed length control field 100901t xxu||||| |||| 00| 0 eng d
028 ## - PUBLISHER NUMBER
Publisher number N -54647
Source His Master 's Voice
035 ## - SYSTEM CONTROL NUMBER
System control number GR-01389
040 ## - CATALOGING SOURCE
Original cataloging agency SED
Transcribing agency SED
100 ## - MAIN ENTRY--PERSONAL NAME
Personal name Mohd.Rafi
9 (RLIN) 17816
245 ## - TITLE STATEMENT
Title Aao pyar kare/
Medium [Gramophone Recoding] :
Remainder of title
Statement of responsibility, etc by Mohamed Rafi.Lata Mangeshker
246 ## - VARYING FORM OF TITLE
Title proper/short title आओ प्यार करे /मोहमद रफ़ी .लता मंगेशकर
260 ## - PUBLICATION, DISTRIBUTION, ETC. (IMPRINT)
Place of publication, distribution, etc Dum Dum, India:
Name of publisher, distributor, etc His Master 's Voice
300 ## - PHYSICAL DESCRIPTION
Extent 1 sound Disc [GramaphoneRecording] :
Other physical details analog, 33 1/3 rpm ;
Dimensions 9.5 in (MP)
Type of unit Gramaphone Records
500 ## - GENERAL NOTE
General note Brief Record
505 ## - FORMATTED CONTENTS NOTE
Formatted contents note अर्त१ तुम अकेले तो कभी ( आओ प्यार करे )मोहमद रफ़ी .लता मंगेशकर 1 Tum akele to kabhi -1(Aao pyar kare)(Mohamed Rafi.Lata Mangeshker)Part २ तुम अकेले तो कभी Part 2 Tum akele to kabhi -2 (Aao pyar kare)(Mohamed Rafi.Lata Mangeshker)
650 ## - SUBJECT ADDED ENTRY--TOPICAL TERM
Topical term or geographic name as entry element Motion Picture Music
General subdivision Excerpts
Geographic subdivision India
9 (RLIN) 17817
700 ## - ADDED ENTRY--PERSONAL NAME
9 (RLIN) 17836
Personal name Lata mangesker
700 ## - ADDED ENTRY--PERSONAL NAME
Personal name Usha khanna
9 (RLIN) 18937
700 ## - ADDED ENTRY--PERSONAL NAME
Personal name Rajender Krishen
9 (RLIN) 18938
942 ## - ADDED ENTRY ELEMENTS (KOHA)
Source of classification or shelving scheme Dewey Decimal Classification
Item type Gramaphone Records
Holdings
Withdrawn status Lost status Source of classification or shelving scheme Damaged status Not for loan Collection code Home library Current library Date acquired Source of acquisition Total Checkouts Barcode Date last seen Copy number Price effective from Koha item type
    Dewey Decimal Classification   Not For Loan Non-fiction Central Library Central Library 08/09/2010 SED/VEN   GR-01389 08/09/2010 1 08/09/2010 Gramaphone Records

© Delhi Public Library
Hit Counter
free hit counter